[Event "Stuttgarter Stadtmeisterschaft 2010 B"]
[Site "Ditzingen"]
[Date "2010.05.14"]
[Round "3.14"]
[White "Bried, Martin"]
[Black "Körber, Christian"]
[Result "0-1"]
[WhiteElo "1796"]
[BlackElo "1669"]
[PlyCount "100"]
[EventDate "2010.??.??"]

1. c4 Nf6 2. d4 e6 3. Nc3 Bb4 4. Qc2 b6 5. e4 Bxc3+ 6. bxc3 d6 7. Nf3 O-O 8.
Bg5 e5 9. Bd3 Nc6 10. dxe5 Nxe5 11. Nxe5 dxe5 12. O-O Qd6 13. Rad1 Qc6 14. f4
Nd7 15. Be2 Bb7 16. Rd5 exf4 17. Rxf4 Qg6 18. Rdf5 Nc5 19. Bf3 Rae8 20. Bf6
Bxe4 21. Bxe4 Nxe4 22. Be5 Ng3 23. hxg3 Rxe5 24. Qf2 Rxf5 25. Rxf5 c5 26. a4
Qe6 27. Rd5 Qe4 28. Qf4 Qe1+ 29. Kh2 Qxc3 30. Rd7 Qa5 31. Qc7 Qxa4 32. Qxa7
Qxa7 33. Rxa7 Rb8 34. Rc7 Kf8 35. g4 h6 36. Kg3 g6 37. Kf4 f6 38. Rh7 Rd8 39.
Rb7 Rd4+ 40. Kf3 Rxc4 41. Rxb6 Ke7 42. Rc6 Rc1 43. Ke2 Rc2+ 44. Kf3 c4 45. g3
c3 46. Ke3 Rg2 47. Kf3 Rc2 48. Ke3 Rc1 49. Ke2 c2 50. Kd2 Rg1 0-1

[Event "Stuttgarter Stadtmeisterschaft 2010 B"]
[Site "Ditzingen"]
[Date "2010.05.14"]
[Round "3.15"]
[White "Holzner, Tony"]
[Black "Hennig, Jan"]
[Result "1-0"]
[WhiteElo "1685"]
[BlackElo "1783"]
[PlyCount "65"]
[EventDate "2010.??.??"]
[WhiteTeam "Stuttgarter SF 1879"]
[BlackTeam "SF 59 Kornwestheim"]

1. e4 d6 2. d4 Nf6 3. Nc3 g6 4. h3 Bg7 5. Nf3 c5 6. Be3 Qa5 7. Bb5+ Bd7 8.
Bxd7+ Nbxd7 9. O-O cxd4 10. Nxd4 O-O 11. Qc1 Nc5 12. Nb3 Qc7 13. Nxc5 dxc5 14.
Bh6 b6 15. Bxg7 Kxg7 16. Qg5 h6 17. Qe3 Qc6 18. f4 Rfd8 19. Rad1 b5 20. e5 Ne8
21. f5 g5 22. Ne4 f6 23. h4 gxh4 24. Qf4 c4 25. Qxh4 Qb6+ 26. Kh1 Rxd1 27. Rxd1
Rd8 28. Qg4+ Kf8 29. Rxd8 Qxd8 30. Nc5 Nc7 31. e6 Qd6 32. Nd7+ Ke8 33. Qg8# 1-0

[Event "Stuttgarter Stadtmeisterschaft 2010 B"]
[Site "Ditzingen"]
[Date "2010.05.14"]
[Round "3.16"]
[White "Steimbach, Isabel"]
[Black "Rieder, Josef"]
[Result "0-1"]
[WhiteElo "1543"]
[BlackElo "1886"]
[PlyCount "122"]
[EventDate "2010.??.??"]

1. e4 c5 2. c3 Nf6 3. e5 Nd5 4. Nf3 Nc6 5. Na3 d6 6. exd6 exd6 7. Bc4 Qe7+ 8.
Qe2 Qxe2+ 9. Kxe2 Be6 10. Re1 O-O-O 11. Kf1 a6 12. Ng5 b5 13. Rxe6 fxe6 14. Nf7
bxc4 15. Nxh8 Ne5 16. g3 Be7 17. f4 Nd3 18. Nf7 Rf8 19. Nxd6+ Bxd6 20. Nxc4 Bc7
21. Ke2 Nxc1+ 22. Rxc1 Kb7 23. Rf1 g6 24. Rf2 Nf6 25. Ne5 Ne4 26. Rg2 Rd8 27.
d3 Nd6 28. Rf2 Bb6 29. Nc4 Nxc4 30. dxc4 Kc6 31. Rf3 Bc7 32. Rd3 Re8 33. Kf3 e5
34. Re3 Rf8 35. Re4 g5 36. Kg4 gxf4 37. gxf4 Rxf4+ 38. Rxf4 exf4 39. Kf3 a5 40.
h3 Kd7 41. b3 Ke6 42. Ke4 Kf6 43. a3 Bd6 44. b4 cxb4 45. cxb4 Bxb4 46. a4 Bd6
47. c5 Bc7 48. h4 h5 49. Kf3 Kf5 50. Kg2 Kg4 51. c6 Kxh4 52. Kh2 Kg4 53. Kg2 h4
54. Kf2 h3 55. Kg1 Kf3 56. Kh2 Ke2 57. Kg1 Bb6+ 58. Kh2 f3 59. c7 Bxc7+ 60. Kh1
Bb6 61. Kh2 f2 0-1

[Event "Stuttgarter Stadtmeisterschaft 2010 B"]
[Site "Ditzingen"]
[Date "2010.05.14"]
[Round "3.17"]
[White "Rühl, Volker"]
[Black "Schöfzig, Winfried"]
[Result "1-0"]
[WhiteElo "1866"]
[BlackElo "1648"]
[PlyCount "59"]
[EventDate "2010.??.??"]

1. d4 Nf6 2. Bg5 Ne4 3. Bf4 d5 4. f3 Nf6 5. e3 e6 6. Bd3 c5 7. c3 Bd6 8. Bxd6
Qxd6 9. f4 cxd4 10. cxd4 Nc6 11. Nc3 a6 12. Nh3 h5 13. Nf2 Bd7 14. Rc1 Rc8 15.
O-O Qb8 16. Be2 Ne7 17. Bd3 b5 18. Qf3 g6 19. Ne2 O-O 20. g4 hxg4 21. Nxg4 Nxg4
22. Qxg4 Qa7 23. Rxc8 Rxc8 24. Qg5 Nf5 25. Bxf5 exf5 26. Qh6 Be8 27. Rf3 Qc7
28. Rh3 f6 29. Qh8+ Kf7 30. Rh7+ 1-0

[Event "Stuttgarter Stadtmeisterschaft 2010 B"]
[Site "Ditzingen"]
[Date "2010.05.14"]
[Round "3.18"]
[White "Pocrnic, Josip"]
[Black "Häfele, Torsten"]
[Result "0-1"]
[WhiteElo "1816"]
[BlackElo "1640"]
[PlyCount "72"]
[EventDate "2010.??.??"]

1. e4 c5 2. Nf3 Nc6 3. Nc3 d6 4. d4 cxd4 5. Nxd4 e5 6. Ndb5 a6 7. Na3 Nf6 8.
Bg5 Be7 9. Bxf6 gxf6 10. Nd5 Rb8 11. c3 b5 12. Nc2 f5 13. Bd3 Be6 14. Nce3 f4
15. Nf5 Bxf5 16. exf5 Bg5 17. Qf3 Ne7 18. Rd1 Nxd5 19. Qxd5 Qd7 20. Be4 Rb6 21.
O-O O-O 22. Rd3 Qe7 23. Rfd1 Rc8 24. Qb3 Rd8 25. Rd5 Qc7 26. Bd3 Be7 27. Qc2
Qc6 28. Be4 Qc4 29. b3 Qc7 30. Qe2 Qxc3 31. Qg4+ Kf8 32. R5d3 Qc7 33. Bd5 Bf6
34. Rh3 Ke7 35. Rxh7 Rf8 36. Qh5 Ke8 {Zeitueberschreitung Weiss} 0-1

[Event "Stuttgarter Stadtmeisterschaft 2010 B"]
[Site "Ditzingen"]
[Date "2010.05.14"]
[Round "3.19"]
[White "Uhlarz, Jörg"]
[Black "Kruck, Mathias"]
[Result "1-0"]
[WhiteElo "1792"]
[BlackElo "1638"]
[PlyCount "47"]
[EventDate "2010.??.??"]
[WhiteTeam "SC Mühlacker 1923 e.V."]
[BlackTeam "SV Stuttgart-Wolfbusch 1956 e.V."]

1. d4 d5 2. c4 c6 3. Nc3 Nf6 4. Nf3 e6 5. Bg5 Nbd7 6. e3 h6 7. Bf4 Nh5 8. Be5
f6 9. Nh4 Nxe5 10. dxe5 Kd7 11. Qxh5 Be7 12. Ng6 Rg8 13. O-O-O Qe8 14. Be2 Kc7
15. Kb1 Bd7 16. Rc1 Qf7 17. cxd5 exd5 18. Nxe7 g6 19. Qxh6 Be6 20. exf6 Rh8 21.
Qf4+ Kd8 22. g4 Ke8 23. g5 Rd8 24. Bd3 1-0

[Event "Stuttgarter Stadtmeisterschaft 2010 B"]
[Site "Ditzingen"]
[Date "2010.05.14"]
[Round "3.20"]
[White "Zaytsev, Evgeny"]
[Black "Mejerski, Stephan"]
[Result "1-0"]
[WhiteElo "1775"]
[BlackElo "1635"]
[PlyCount "86"]
[EventDate "2010.??.??"]

1. e4 c5 2. Nf3 Nc6 3. d4 cxd4 4. Nxd4 e5 5. Nxc6 bxc6 6. Bc4 Nf6 7. Nc3 Be7 8.
O-O Bb7 9. a4 O-O 10. a5 a6 11. Qd3 Qc7 12. Bg5 d5 13. Bb3 Nxe4 14. Bxe7 Qxe7
15. Nxe4 dxe4 16. Qxe4 Kh8 17. Rfe1 Rfe8 18. Re3 c5 19. Qf5 f6 20. Qh5 g6 21.
Qh4 Rad8 22. Qg3 Rd4 23. Rc3 Qd7 24. h3 Rd1+ 25. Rxd1 Qxd1+ 26. Kh2 Qd4 27. Rd3
Qe4 28. Rd6 f5 29. Qg5 Qf4+ 30. Qxf4 exf4 31. Rd7 Be4 32. Ra7 Ra8 33. Rc7 g5
34. f3 Rd8 35. fxe4 fxe4 36. Rxc5 e3 37. Rxg5 h6 38. Re5 Rd2 39. Bc4 Rxc2 40.
b3 Kg7 41. Bxa6 Kf6 42. Re4 Kf5 43. Bd3 Rd2 1-0

[Event "Stuttgarter Stadtmeisterschaft 2010 B"]
[Site "Ditzingen"]
[Date "2010.05.14"]
[Round "3.21"]
[White "Tölg, Wolfgang"]
[Black "Pfeilsticker, Thorsten"]
[Result "1/2-1/2"]
[WhiteElo "1756"]
[BlackElo "1635"]
[PlyCount "59"]
[EventDate "2010.??.??"]

1. e4 a6 2. d4 b5 3. a3 Bb7 4. Nc3 e6 5. f4 c5 6. Nf3 b4 7. axb4 cxb4 8. Ne2
Bxe4 9. Ng3 Nf6 10. Bd3 Bb7 11. O-O Nc6 12. Re1 Be7 13. f5 h5 14. fxe6 dxe6 15.
c3 h4 16. Ne4 Nxe4 17. Bxe4 Qc7 18. Qa4 Kf8 19. Ng5 Bxg5 20. Bxg5 bxc3 21. bxc3
Rh5 22. Bd2 Ra5 23. Qc2 Rxa1 24. Rxa1 Rc8 25. Qd3 Ra8 26. Rf1 a5 27. Bg6 Ba6
28. c4 Nd8 29. Qa3+ Kg8 30. Bd3 1/2-1/2

[Event "Stuttgarter Stadtmeisterschaft 2010 B"]
[Site "Ditzingen"]
[Date "2010.05.14"]
[Round "3.22"]
[White "Helmbrecht, Kurt"]
[Black "Wang, Julia"]
[Result "1/2-1/2"]
[WhiteElo "1627"]
[BlackElo "1722"]
[PlyCount "58"]
[EventDate "2010.??.??"]

1. e4 c6 2. Nf3 d5 3. exd5 cxd5 4. d4 Bf5 5. Be2 Nc6 6. O-O Nf6 7. c3 e6 8. Bf4
Qb6 9. Qb3 Be7 10. Qxb6 axb6 11. Nbd2 O-O 12. Rfe1 Rfc8 13. h3 Na5 14. g4 Bg6
15. Ne5 Bf8 16. h4 Bc2 17. Rec1 Ba4 18. f3 Nd7 19. Bd3 Nxe5 20. Bxe5 Nc4 21.
Nxc4 dxc4 22. Be4 Bc6 23. Rd1 Bd5 24. Kf2 b5 25. a3 Be7 26. Bg3 g6 27. Re1 Bxe4
28. fxe4 Rd8 29. Rad1 Rd7 1/2-1/2

[Event "Stuttgarter Stadtmeisterschaft 2010 B"]
[Site "Ditzingen"]
[Date "2010.05.14"]
[Round "3.23"]
[White "Spiegelberg, Silvia"]
[Black "Domingos, Antonio"]
[Result "1-0"]
[WhiteElo "1609"]
[BlackElo "1715"]
[PlyCount "45"]
[EventDate "2010.??.??"]
[WhiteTeam "SK Freiburg Zähringen 1887 e.V."]
[BlackTeam "SV Untertürkheim e.V."]

1. e4 e6 2. d4 d5 3. Nd2 Nf6 4. Bd3 c5 5. c3 Nc6 6. Ngf3 dxe4 7. Nxe4 cxd4 8.
cxd4 Bb4+ 9. Bd2 O-O 10. O-O Bxd2 11. Qxd2 Nxd4 12. Nxf6+ Qxf6 13. Nxd4 e5 14.
Nb3 Rd8 15. Qc3 Bd7 16. Rfe1 Re8 17. Be4 Rac8 18. Qd3 Red8 19. Bxh7+ Kh8 20.
Be4 b6 21. Qf3 Qe7 22. Qh5+ Kg8 23. Qh7+ 1-0

[Event "Stuttgarter Stadtmeisterschaft 2010 B"]
[Site "Ditzingen"]
[Date "2010.05.14"]
[Round "3.24"]
[White "Knolmayer, Volker"]
[Black "Strauss, Martin"]
[Result "1/2-1/2"]
[WhiteElo "1714"]
[BlackElo "1618"]
[PlyCount "78"]
[EventDate "2010.??.??"]

1. e4 e5 2. Bc4 Nf6 3. Nf3 Nc6 4. Ng5 d5 5. exd5 Na5 6. Bb5+ c6 7. dxc6 bxc6 8.
Be2 h6 9. Nf3 Bd6 10. d4 e4 11. Ne5 Bxe5 12. dxe5 Qxd1+ 13. Bxd1 Ng4 14. Bf4
Nc4 15. b3 Ncxe5 16. h3 Ng6 17. Bg3 N4e5 18. Nc3 f5 19. Bh5 O-O 20. O-O f4 21.
Bh2 Bf5 22. Rfe1 f3 23. Nxe4 Rad8 24. Nc5 Rd5 25. Ne4 fxg2 26. Bxg6 Nxg6 27.
Kxg2 Bxe4+ 28. Rxe4 Rd2 29. Bg3 Rxc2 30. h4 h5 31. Kh3 Rc3 32. Kg2 Rc2 33. a3
c5 34. Rd1 Rc3 35. Rd6 Rf6 36. Re8+ Kf7 37. Rxf6+ gxf6 38. Rb8 Ke6 39. Re8+ Kf7
1/2-1/2

[Event "Stuttgarter Stadtmeisterschaft 2010 B"]
[Site "Ditzingen"]
[Date "2010.05.14"]
[Round "3.25"]
[White "Marx, Alexander"]
[Black "Schreiber, Stephan"]
[Result "0-1"]
[WhiteElo "1570"]
[BlackElo "1703"]
[PlyCount "90"]
[EventDate "2010.??.??"]

1. d4 e5 2. dxe5 Nc6 3. Nf3 Qe7 4. Nc3 Nxe5 5. Nxe5 Qxe5 6. Qd5 Bd6 7. Qxe5+
Bxe5 8. Bd2 Nf6 9. f4 Bd6 10. e3 a6 11. Be2 b5 12. Bf3 Rb8 13. a3 Bb7 14. e4
Bc5 15. O-O-O O-O 16. Nd5 Nxd5 17. exd5 Rfe8 18. Rhe1 Bf2 19. Rf1 Bh4 20. Bc3
Be7 21. Be5 d6 22. Bc3 Bf8 23. Rd3 g6 24. h4 Bg7 25. Ba5 Rbc8 26. h5 Re7 27.
hxg6 fxg6 28. Bg4 Rce8 29. Be6+ Kh8 30. Rh1 Bc8 31. Bc3 Bxe6 32. dxe6 Rxe6 33.
Rdh3 Bxc3 34. Rxh7+ Kg8 35. bxc3 Re1+ 36. Kd2 R8e2+ 37. Kd3 Rxh1 38. Rxh1 Rxg2
39. Rf1 Kf7 40. Rf3 Rg1 41. c4 Ra1 42. Kd4 c5+ 43. Kd5 Rd1+ 44. Rd3 Rxd3+ 45.
cxd3 b4 0-1

[Event "Stuttgarter Stadtmeisterschaft 2010 B"]
[Site "Ditzingen"]
[Date "2010.05.14"]
[Round "3.26"]
[White "Werner, Stefan"]
[Black "Zeitler, Waldemar"]
[Result "1-0"]
[WhiteElo "1703"]
[BlackElo "1544"]
[PlyCount "144"]
[EventDate "2010.??.??"]

1. e4 d6 2. d4 e6 3. Nf3 Be7 4. c4 Nf6 5. Nc3 c5 6. d5 e5 7. h3 h6 8. Bd3 Bd7
9. Be3 Na6 10. O-O O-O 11. Bc2 Nb4 12. a3 Nxc2 13. Qxc2 a5 14. a4 Nh7 15. Qb3
b6 16. Nb5 f5 17. exf5 Bxf5 18. Nh2 Bd7 19. f3 Bf5 20. Rf2 Bg5 21. Re2 Bg6 22.
Nf1 Bf4 23. Rae1 Qd7 24. Nd2 Ng5 25. h4 Nh7 26. Bxf4 Rxf4 27. g3 Rf7 28. Kg2
Re8 29. Rf2 Nf6 30. Nc3 Qd8 31. Nde4 Nh5 32. Qb5 Rc7 33. Qxb6 Rd7 34. Qxd8
Rdxd8 35. Nb5 Bxe4 36. Rxe4 Nf6 37. Re3 h5 38. Rb3 Rb8 39. Re2 Rb6 40. Rbe3 g6
41. Kh3 Kg7 42. g4 hxg4+ 43. fxg4 Nd7 44. Kg3 Rf8 45. Rf2 Rxf2 46. Kxf2 Nf6 47.
Kg3 Ne8 48. Rf3 Rb7 49. h5 Rf7 50. Rxf7+ Kxf7 51. hxg6+ Kxg6 52. Na7 Kg5 53.
Nc6 e4 54. Nxa5 e3 55. Kf3 e2 56. Kxe2 Kxg4 57. Nb7 Kf5 58. a5 Ke5 59. Kd3 Nc7
60. Nd8 Kf6 61. Ne6 Na6 62. Kc3 Ke7 63. Kb3 Kd7 64. Ka4 Kc8 65. Kb5 Nb4 66. Kb6
Kb8 67. a6 Nxa6 68. Kxa6 Kc8 69. Kb6 Kd7 70. Nf8+ Ke7 71. Kc6 Kxf8 72. Kxd6 Ke8
1-0

[Event "Stuttgarter Stadtmeisterschaft 2010 B"]
[Site "Ditzingen"]
[Date "2010.05.14"]
[Round "3.27"]
[White "Wenzel, Ulrich"]
[Black "Keller, Marcel"]
[Result "1/2-1/2"]
[WhiteElo "1699"]
[BlackElo "1552"]
[PlyCount "69"]
[EventDate "2010.??.??"]

1. d4 g6 2. Nf3 Bg7 3. e4 d6 4. Bd3 Bg4 5. Nbd2 Bxd4 6. c3 Bg7 7. Qb3 Bxf3 8.
Nxf3 Qc8 9. Be3 Nc6 10. O-O Nf6 11. Ng5 O-O 12. f4 h6 13. Nf3 e6 14. h3 b6 15.
Rae1 Nd7 16. Nd4 Nxd4 17. cxd4 c5 18. d5 e5 19. f5 g5 20. Bb5 Nf6 21. Bd2 Qc7
22. g4 a6 23. Bc6 Rab8 24. Qg3 Nh7 25. h4 f6 26. hxg5 Nxg5 27. Kg2 Kf7 28. Rh1
Rh8 29. Qh4 Rbg8 30. Qg3 Bf8 31. Qa3 a5 32. Rh5 Ke7 33. Qa4 Nf7 34. Kf3 Ng5+
35. Kg3 1/2-1/2

[Event "Stuttgarter Stadtmeisterschaft 2010 B"]
[Site "Ditzingen"]
[Date "2010.05.14"]
[Round "3.28"]
[White "Hengster, Pascal"]
[Black "Gheng, Hannelore"]
[Result "0-1"]
[WhiteElo "1514"]
[BlackElo "1692"]
[PlyCount "38"]
[EventDate "2010.??.??"]

1. d4 g6 2. Nf3 d6 3. e3 Bg7 4. b3 f5 5. Bc4 e6 6. Bb2 Ne7 7. O-O d5 8. Bb5+ c6
9. Bd3 Nd7 10. c4 h6 11. Nbd2 g5 12. h3 Ng6 13. g3 h5 14. Nh2 g4 15. hxg4 hxg4
16. Nxg4 Qg5 17. Nh2 Qh6 18. Ndf3 Nf6 19. Kg2 Qh3+ 0-1

[Event "Stuttgarter Stadtmeisterschaft 2010 B"]
[Site "Ditzingen"]
[Date "2010.05.14"]
[Round "3.29"]
[White "Philippin, Otto"]
[Black "Reiß, Michael"]
[Result "1-0"]
[WhiteElo "1692"]
[BlackElo "1509"]
[PlyCount "123"]
[EventDate "2010.??.??"]

1. f4 Nf6 2. Nf3 c5 3. e3 e6 4. b3 d5 5. Bb2 Nc6 6. Bb5 Bd7 7. c4 Bd6 8. O-O
O-O 9. Bxc6 Bxc6 10. Ne5 Rc8 11. d3 Qe7 12. Qe1 Nd7 13. Nd2 Nxe5 14. fxe5 Bc7
15. Nf3 b5 16. Qg3 Rfd8 17. Ng5 Rf8 18. Rf6 Qxf6 19. exf6 Bxg3 20. fxg7 Bxh2+
21. Kxh2 Rfe8 22. Rf1 Rc7 23. Be5 Rb7 24. Rf4 h6 25. Rh4 f5 26. Rxh6 Rxg7 27.
Bxg7 Kxg7 28. Rxe6 Rh8+ 29. Kg3 bxc4 30. Rxc6 cxd3 31. Nf3 Re8 32. Rxc5 Rxe3
33. Rxd5 Re2 34. Rd7+ Kf6 35. Rxa7 f4+ 36. Kxf4 Rxg2 37. Ke3 Rg3 38. Rd7 Rg2
39. a4 Ke6 40. Rxd3 Ke7 41. b4 Rg8 42. Rd5 Rd8 43. Rxd8 Kxd8 44. Kd4 Kc7 45.
Ne5 Kb6 46. Kd5 Ka6 47. Kc6 Ka7 48. b5 Ka8 49. a5 Ka7 50. Kc7 Ka8 51. Kc8 Ka7
52. b6+ Ka6 53. b7 Kb5 54. b8=Q+ Kc5 55. a6 Kd5 56. a7 Kc5 57. a8=R Kd5 58.
Ra5+ Ke6 59. Qb3+ Kd6 60. Qd5+ Ke7 61. Qf7+ Kd6 62. Qd7# 1-0

[Event "Stuttgarter Stadtmeisterschaft 2010 B"]
[Site "Ditzingen"]
[Date "2010.05.14"]
[Round "3.30"]
[White "Giugno, Carmelo"]
[Black "Duran, Suat"]
[Result "1-0"]
[WhiteElo "1506"]
[BlackElo "1687"]
[PlyCount "113"]
[EventDate "2010.??.??"]

1. d4 Nf6 2. c4 e6 3. Nc3 d5 4. Nf3 Nbd7 5. g3 a6 6. a4 c6 7. cxd5 exd5 8. Bg2
Bd6 9. O-O O-O 10. Re1 Re8 11. Qc2 Nf8 12. Bg5 Be7 13. Ne5 Ne6 14. Nf3 Qb6 15.
a5 Nxd4 16. Nxd4 Qxd4 17. Ra4 Qe5 18. Bf4 Qf5 19. e4 Qg6 20. Qe2 Bc5 21. Qd2
Bg4 22. h3 Be6 23. e5 Nd7 24. Ne2 b5 25. axb6 Nxb6 26. Raa1 Nc4 27. Qc3 Reb8
28. Reb1 Bb4 29. Qc1 Qd3 30. Bf1 Bxh3 31. Bxh3 Qxe2 32. Bf1 Qe4 33. Bg2 Qf5 34.
Qd1 Nxe5 35. Kf1 Qd3+ 36. Qxd3 Nxd3 37. Bxb8 Rxb8 38. Rxa6 Re8 39. Bh3 c5 40.
Rd6 d4 41. Bd7 Rd8 42. Rb6 g5 43. Bf5 Ne5 44. Rh6 d3 45. Bxh7+ Kg7 46. Rh1 Nc4
47. Kg2 Rh8 48. Bxd3 Rxh1 49. Kxh1 Ne5 50. Be2 f5 51. b3 Nc6 52. Ra1 Nd4 53.
Bc4 Kf6 54. Ra8 f4 55. gxf4 gxf4 56. Rf8+ Ke5 57. Kg2 {
Rest unleserlich/unvollstaendig} 1-0

[Event "Stuttgarter Stadtmeisterschaft 2010 B"]
[Site "Ditzingen"]
[Date "2010.05.14"]
[Round "3.31"]
[White "Herkommer, Andreas"]
[Black "Lebeda, Lukas"]
[Result "0-1"]
[WhiteElo "1501"]
[BlackElo "1686"]
[PlyCount "52"]
[EventDate "2010.??.??"]

1. e4 c5 2. Nf3 g6 3. Bc4 Bg7 4. Nc3 Nc6 5. d3 Nf6 6. O-O O-O 7. h3 d6 8. Be3
Na5 9. Bb3 a6 10. Qd2 Nxb3 11. axb3 Be6 12. Bh6 Qc7 13. Bxg7 Kxg7 14. Nh2 d5
15. exd5 Nxd5 16. f4 Nxc3 17. Qxc3+ f6 18. Rae1 Bd5 19. f5 g5 20. Qd2 Rf7 21.
Qe2 h5 22. Qxh5 Rh8 23. Qe2 Rxh3 24. Ng4 Qg3 25. Rf3 Bxf3 26. Qxf3 Qxf3 0-1

[Event "Stuttgarter Stadtmeisterschaft 2010 B"]
[Site "Ditzingen"]
[Date "2010.05.14"]
[Round "3.32"]
[White "Götzfried, Rudolf"]
[Black "Dallinger, Moritz"]
[Result "1-0"]
[WhiteElo "1668"]
[BlackElo "1418"]
[PlyCount "79"]
[EventDate "2010.??.??"]

1. d4 d5 2. c4 e6 3. Nc3 Nf6 4. Nf3 b6 5. e3 Bb7 6. cxd5 Nxd5 7. a3 Nxc3 8.
bxc3 c5 9. Be2 cxd4 10. cxd4 Nd7 11. O-O Be7 12. Bb2 O-O 13. Qd3 Nf6 14. Ng5 h6
15. Bf3 Bxf3 16. Nxf3 e5 17. Nxe5 Bd6 18. Nf3 Qb8 19. h3 Nh7 20. Rac1 f6 21.
Rc6 Rc8 22. Rxc8+ Qxc8 23. Rc1 Qf8 24. e4 Ng5 25. Nh4 Re8 26. Re1 f5 27. e5 f4
28. Nf5 Bb8 29. h4 Ne6 30. a4 Qb4 31. Qc3 Qxa4 32. d5 Nc5 33. e6 Nxe6 34. dxe6
Be5 35. Qxe5 Qd4 36. Qxd4 Re7 37. Nxe7+ Kf8 38. Qxg7+ Ke8 39. Nc6 f3 40. Qe7#
1-0

[Event "Stuttgarter Stadtmeisterschaft 2010 B"]
[Site "Ditzingen"]
[Date "2010.05.14"]
[Round "3.33"]
[White "Filenberg, Maksim"]
[Black "Vogel, Karlheinz"]
[Result "1/2-1/2"]
[WhiteElo "1659"]
[BlackElo "1408"]
[PlyCount "58"]
[EventDate "2010.??.??"]

1. d4 f5 2. c4 g6 3. Nc3 Bg7 4. Nf3 Nf6 5. Bf4 d6 6. Qc2 O-O 7. e3 Nc6 8. Be2
Re8 9. Rd1 Bd7 10. d5 Nb4 11. Qb3 a5 12. a3 Na6 13. Qc2 Nc5 14. Rb1 a4 15. h4
Nh5 16. Nd2 Nxf4 17. exf4 e5 18. fxe5 Bxe5 19. Nb5 c6 20. Nc3 Qe7 21. Nf3 Bxc3+
22. bxc3 Ne4 23. Rxb7 Nxc3 24. Nd4 Nxe2 25. Nxe2 cxd5 26. cxd5 Rab8 27. Rxb8
Rxb8 28. O-O Bb5 29. Rb1 Re8 1/2-1/2

[Event "Stuttgarter Stadtmeisterschaft 2010 B"]
[Site "Ditzingen"]
[Date "2010.05.14"]
[Round "3.34"]
[White "Hua, Qi Cheng"]
[Black "Moll, Nino"]
[Result "1-0"]
[WhiteElo "1656"]
[BlackElo "1336"]
[PlyCount "35"]
[EventDate "2010.??.??"]

1. d4 g6 2. c4 Bg7 3. Nc3 d6 4. e4 b6 5. f4 Bb7 6. Be3 Nd7 7. Nf3 Ngf6 8. e5
Ne4 9. Bd3 Nxc3 10. bxc3 dxe5 11. fxe5 O-O 12. Qd2 Bxf3 13. gxf3 e6 14. h4 h5
15. O-O-O Qe7 16. Rdg1 Kh7 17. Rg5 Bh6 18. Rxh5 1-0

[Event "Stuttgarter Stadtmeisterschaft 2010 B"]
[Site "Ditzingen"]
[Date "2010.05.14"]
[Round "3.35"]
[White "Grözinger, Werner"]
[Black "Weisensel, Wolfgang"]
[Result "1/2-1/2"]
[WhiteElo "1340"]
[BlackElo "1685"]
[PlyCount "84"]
[EventDate "2010.??.??"]

1. c4 Nf6 2. d4 e6 3. Nf3 Bb4+ 4. Bd2 Bxd2+ 5. Nbxd2 d5 6. e3 O-O 7. Be2 Re8 8.
O-O c6 9. Qc2 Nbd7 10. c5 e5 11. dxe5 Nxe5 12. b4 Nxf3+ 13. Nxf3 Bg4 14. Nd4
Bxe2 15. Nxe2 a6 16. Rad1 Qe7 17. Rd4 Ne4 18. a3 f5 19. Ng3 Nxg3 20. hxg3 g6
21. Kh2 Qc7 22. Rh1 Re4 23. Kg1 Rxd4 24. exd4 Re8 25. Qd2 Qg7 26. f3 Qe7 27.
Kf2 Qg7 28. Re1 Rxe1 29. Kxe1 Qe7+ 30. Kf2 Kg7 31. Qf4 Qd7 32. Qe5+ Kg8 33.
Qb8+ Kg7 34. Qe5+ Kg8 35. f4 Qf7 36. Kf3 h5 37. Qd6 Kh7 38. Qe5 Qg7 39. Ke3 Qh6
40. Kf3 Qg7 41. Ke3 Qf7 42. Kf3 Qg7 1/2-1/2

[Event "Stuttgarter Stadtmeisterschaft 2010 B"]
[Site "Ditzingen"]
[Date "2010.05.14"]
[Round "3.36"]
[White "Schmidt, Tobias"]
[Black "Grüneschild, Hildegard"]
[Result "1/2-1/2"]
[WhiteElo "1537"]
[BlackElo "1663"]
[PlyCount "60"]
[EventDate "2010.??.??"]

1. e4 c5 2. Nf3 d6 3. Bb5+ Bd7 4. Bxd7+ Qxd7 5. c4 e6 6. d4 cxd4 7. Nxd4 Be7 8.
Nc3 Nf6 9. Be3 Nc6 10. O-O O-O 11. f4 e5 12. Nf5 exf4 13. Bxf4 Rfd8 14. Nxe7+
Qxe7 15. Re1 Ne5 16. Nd5 Nxd5 17. Qxd5 Qc7 18. b3 Ng6 19. Bg3 Rd7 20. Rac1 Ne7
21. Qd4 Qc5 22. Red1 Rad8 23. Bf2 Qxd4 24. Rxd4 Nc6 25. Rd2 b6 26. Kf1 Re8 27.
Re1 Re6 28. Bg3 Rf6+ 29. Rf2 Rxf2+ 30. Kxf2 Ne5 1/2-1/2

[Event "Stuttgarter Stadtmeisterschaft 2010 B"]
[Site "Ditzingen"]
[Date "2010.05.14"]
[Round "3.38"]
[White "Dölker, Kai"]
[Black "Michna, Marcus"]
[Result "0-1"]
[WhiteElo "1540"]
[BlackElo "1857"]
[PlyCount "50"]
[EventDate "2010.??.??"]

1. d4 d5 2. c4 c6 3. Nc3 Nf6 4. Bf4 dxc4 5. e3 b5 6. a4 b4 7. Na2 a5 8. Bxc4 e6
9. Nf3 Nbd7 10. O-O Nb6 11. Be2 Be7 12. Qc2 Bb7 13. Ne5 Rc8 14. Bf3 Nfd5 15.
Bg3 c5 16. Qd3 c4 17. Qe2 O-O 18. Nc1 b3 19. Qd1 Qe8 20. Be2 Nb4 21. Rb1 Be4
22. Ra1 Nc2 23. Nxb3 cxb3 24. Bb5 Qd8 25. f3 Bb7 0-1

[Event "Stuttgarter Stadtmeisterschaft 2010 B"]
[Site "Ditzingen"]
[Date "2010.05.14"]
[Round "3.39"]
[White "Mager, Denis"]
[Black "Herbst, Rudolf"]
[Result "1-0"]
[WhiteElo "1538"]
[BlackElo "1765"]
[PlyCount "45"]
[EventDate "2010.??.??"]

1. Nf3 Nf6 2. d4 d5 3. Bf4 c6 4. Nbd2 Bf5 5. c4 e6 6. e3 Bb4 7. a3 Bxd2+ 8.
Nxd2 dxc4 9. Nxc4 O-O 10. Bd3 Bxd3 11. Qxd3 Nd5 12. Bg3 b5 13. Nd2 Nd7 14. e4
N5f6 15. Rc1 Qb6 16. Qc3 Rfc8 17. b4 a5 18. O-O axb4 19. axb4 Ra4 20. f3 Qb7
21. Nb3 Ra3 22. Qb2 Rca8 23. Na5 1-0

[Event "Stuttgarter Stadtmeisterschaft 2010 B"]
[Site "Ditzingen"]
[Date "2010.05.14"]
[Round "3.40"]
[White "Burkhardt, Adrian"]
[Black "Schmitz, Harald"]
[Result "1/2-1/2"]
[WhiteElo "1436"]
[BlackElo "1741"]
[PlyCount "49"]
[EventDate "2010.??.??"]

1. e4 e6 2. d4 d5 3. exd5 exd5 4. Nc3 Nf6 5. Nf3 Bf5 6. Bd3 Bxd3 7. Qxd3 Bd6 8.
Qb5+ Nbd7 9. Nxd5 Nxd5 10. Qxd5 Qe7+ 11. Be3 O-O-O 12. O-O-O Nb6 13. Qb3 f6 14.
Rhe1 Qd7 15. h3 Rhe8 16. Nd2 Bf8 17. Nc4 Nd5 18. Re2 Nf4 19. Bxf4 Rxe2 20. Be3
Re8 21. Qd3 R2xe3 22. Nxe3 g6 23. Ng4 Bg7 24. c3 Qe6 25. Ne3 1/2-1/2

[Event "Stuttgarter Stadtmeisterschaft 2010 B"]
[Site "Ditzingen"]
[Date "2010.05.14"]
[Round "3.41"]
[White "Sigmund, Wolfgang"]
[Black "Kean, Christopher"]
[Result "1/2-1/2"]
[WhiteElo "1421"]
[BlackElo "1661"]
[PlyCount "61"]
[EventDate "2010.??.??"]

1. d4 g6 2. Nf3 Bg7 3. c4 d6 4. e4 e5 5. dxe5 dxe5 6. Qxd8+ Kxd8 7. Nc3 c6 8.
Bg5+ Ke8 9. Rd1 f6 10. Be3 Ne7 11. c5 Kf7 12. Bc4+ Be6 13. Bxe6+ Kxe6 14. Rd6+
Kf7 15. O-O Na6 16. a3 Rhd8 17. Rfd1 Rxd6 18. Rxd6 Ke8 19. Nd2 Rb8 20. Nc4 Nc8
21. Rd2 Ke7 22. Nd6 Bf8 23. f4 Bh6 24. g3 exf4 25. gxf4 Nxd6 26. Rxd6 Rd8 27.
Rxd8 Kxd8 28. Kf2 Ke7 29. Kf3 Nb8 30. b4 Nd7 31. Bd4 1/2-1/2

[Event "Stuttgarter Stadtmeisterschaft 2010 B"]
[Site "Ditzingen"]
[Date "2010.05.14"]
[Round "3.42"]
[White "Grunow, Carmen"]
[Black "Trobonjaca, Milos"]
[Result "1-0"]
[WhiteElo "1418"]
[BlackElo "1658"]
[PlyCount "93"]
[EventDate "2010.??.??"]

1. e4 c5 2. Nf3 Nc6 3. d4 cxd4 4. Nxd4 e6 5. Nxc6 bxc6 6. Be3 h6 7. Bd3 Bd6 8.
Nd2 Ne7 9. Nf3 Ng6 10. O-O O-O 11. Rb1 Qc7 12. c4 c5 13. a3 Ne5 14. h3 Ba6 15.
Nxe5 Bxe5 16. Qg4 Kh8 17. f4 Bd4 18. Qe2 Bb7 19. b4 Bxe3+ 20. Qxe3 cxb4 21.
Rxb4 a5 22. Qb6 Qxb6+ 23. Rxb6 Bc6 24. c5 f6 25. g4 g6 26. Re1 e5 27. f5 Kg7
28. h4 a4 29. Bb5 Bxb5 30. Rxb5 Rfb8 31. Reb1 Rxb5 32. Rxb5 Ra7 33. Kf2 g5 34.
h5 Kf7 35. Ke3 Ra6 36. Kd3 Ra7 37. Kc4 Rc7 38. Kd5 Ra7 39. Kd6 Ke8 40. Rb8+ Kf7
41. Rd8 Ra6+ 42. Kd5 Ra7 43. Rh8 Kg7 44. Rb8 Kf7 45. Rb6 Ke8 46. Rxf6 Rb7 47.
Rb6 1-0